Detalles MARC
| 000 -LIDER |
| fixed length control field |
01417nam a2200349 b 4500 |
| 001 - NÚMERO DE CONTROL |
| Identificador de número de control |
45146 |
| 003 - IDENTIFICACDOR DE NÚMERO DE CONTROL |
| control field |
DO-SdBPM |
| 005 - DATE AND TIME OF LATEST TRANSACTION |
| control field |
20250721114057.0 |
| 007 - CAMPOS FIJOS DE DESCRIPCIÓN FÍSICA |
| fixed length control field |
ta |
| 008 - ELEMENTOS DE LONGITUD FIJA |
| fixed length control field |
970627s1995 sp a | || ||spa |
| 020 ## - ISBN |
| International Standard Book Number |
8475836437 |
| 040 ## - FUENTE DE CATALOGACIÓN |
| Agencia que crea de manera original el registro |
DO-SdBPM |
| Idioma de catalogación |
spa |
| Agencia que realiza la transcripción |
BPMSU |
| Convenciones de la despripción |
rda |
| 082 #4 - NÚMERO DE CLASIFICACIÓN DECIMAL DE DEWEY |
| Classification number |
R036 |
| Item number |
E56t 1995 |
| Edition number |
22 |
| 245 00 - MENCIÓN DE TITULO |
| Título |
Enciclopedia temática Guinness / |
| Mención de responsabilidad |
ilustradores Peter Harper ... [et al.] ; equipo de traducción Alberto Cousté ... [et al.]. |
| 264 ## - PRODUCTION, PUBLICATION, DISTRIBUTION, MANUFACTURE, AND COPYRIGHT NOTICE |
| Place of production, publication, distribution, manufacture |
Barcelona : |
| Name of producer, publisher, distributor, manufacturer |
Ediciones Folio, |
| Date of production, publication, distribution, manufacture, or copyright notice |
1995 |
| 300 ## - DESCRIPCIÓN FÍSICA |
| Extensión |
760 páginas : |
| Otros detalles físicos |
ilustraciones, Fotos, mapas. ; |
| Dimensiones |
29 cm. |
| 336 ## - CONTENT TYPE |
| Content type term |
texto |
| Content type code |
txt |
| Source |
rdacontent |
| 337 ## - MEDIA TYPE |
| Media type term |
sin mediación |
| Media type code |
n |
| Source |
rdamedia |
| 338 ## - CARRIER TYPE |
| Carrier type term |
volumen |
| Carrier type code |
nc |
| Source |
rdacarrier |
| 500 ## - NOTA GENERAL |
| Nota general |
Incluye índice. |
| 505 0# - NOTA DE CONTENIDO |
| Texto normalizado de contenido |
La naturaleza del universo ; La tierra inquieta ; El planeta vivo ; El organismo humano ; El mundo actual ; Tecnología e industria ; Historia mundial ; Religión y filosofía ; Las artes plásticas ; Música y danza; Lengua y literatura ; Los países del mundo. |
| 534 ## - NOTA SOBRE LA VERSIÓN ORIGINAL |
| Frase introductoria |
Título original. |
| Mención del título original |
The Guinness encyclopedia. |
| 590 ## - NOTA LOCAL |
| Texto de la nota local |
Inventariado, 2025/VM |
| 650 #7 - ENCABEZAMIENTO DE MATERIA--TEMÁTICO |
| Término temático o nombre geográfico como elemento de entrada |
Enciclopedia y diccionarios |
| Fuente del encabezamiento o término |
|
| 700 1# - ASIENTO SECUNDARIO -- NOMBRE PERSONAL |
| Nombre personal |
Harper, Peter, |
| Mención de responsabilidad |
ilustración |
| 700 1# - ASIENTO SECUNDARIO -- NOMBRE PERSONAL |
| Nombre personal |
Cousé, Alberto, |
| Mención de responsabilidad |
traductor |
| 700 1# - ASIENTO SECUNDARIO -- NOMBRE PERSONAL |
| Nombre personal |
Crofton, Ian, |
| Mención de responsabilidad |
editor |
| 710 2# - ASIENTO SECUNDARIO -- NOMBRE CORPORATIVO |
| Nombre corporativo o de jurisdicción |
Ediciones Folio |
| 910 ## - VALIDACIÓN |
| Validación |
VMateo V. Control de calidad. BPMSU |
| 942 ## - ADDED ENTRY ELEMENTS (KOHA) |
| Source of classification or shelving scheme |
Dewey Decimal Classification |
| Koha item type |
Libros |
| 980 ## - EQUIVALENCE OR CROSS-REFERENCE-SERIES STATEMENT--PERSONAL NAME/TITLE [LOCAL, CANADA] |
| Personal name |
|
| -- |
|